НЧ-филтр для проигрывателей CD; Радиомир; № 1

Podrobná bibliografie
Parent link:Радиомир: научно-популярный журнал.— , 2001-
№ 1.— 2002.— С. 6-8
Hlavní autor: Фёдоров В.
Jazyk:ruština
Vydáno: 2002
Edice:Бытовая радиоэлектроника
Témata:
Médium: MixedMaterials Kapitola
KOHA link:https://koha.lib.tpu.ru/cgi-bin/koha/opac-detail.pl?biblionumber=381192

MARC

LEADER 00000naa2a2200000 4500
001 381192
005 20231101062810.0
035 |a (RuTPU)RU\TPU\prd\3403 
090 |a 381192 
100 |a 20020423a2002 k y0rusy50 ca 
101 0 |a rus 
102 |a RU 
200 1 |a НЧ-филтр для проигрывателей CD  |f В. Фёдоров 
225 1 |a Бытовая радиоэлектроника 
320 |a Библиогр.: 1 назв. 
461 1 |0 (RuTPU)RU\TPU\prd\1184  |t Радиомир  |o научно-популярный журнал  |d 2001- 
463 1 |0 (RuTPU)RU\TPU\prd\2432  |t № 1  |v С. 6-8  |d 2002 
610 1 |a НЧ-фильтры 
610 1 |a проигрыватели 
610 1 |a компакт-диски 
700 1 |a Фёдоров  |b В. 
801 1 |a RU  |b 63413507  |c 20020423  |g PSBO 
801 2 |a RU  |b 63413507  |c 20130703  |g RCR 
942 |c BK